000 00634nam a2200181Ia 4500
008 090123s9999 xx 000 0 und d
082 _b17005
_a891.463/लागू
100 _aलागू चिंतामणी
245 _aकशासाठी पोटासाठी
250 _a1
260 _bदिपज्योती प्रकाशन
_c1978
300 _a138
600 _aलागू चिंतामणी
630 _aकशासाठी पोटासाठी
700 _aलागू चिंतामणी
730 _aकशासाठी पोटासाठी
942 _cBOOK
999 _c55065
_d55065